<?xml version="1.0" encoding="UTF-8"?>
<record
    xmlns:xsi="http://www.w3.org/2001/XMLSchema-instance"
    xsi:schemaLocation="http://www.loc.gov/MARC21/slim http://www.loc.gov/standards/marcxml/schema/MARC21slim.xsd"
    xmlns="http://www.loc.gov/MARC21/slim">

  <leader>00834nam a22002297a 4500</leader>
  <controlfield tag="001">6243</controlfield>
  <controlfield tag="003">FISKH</controlfield>
  <controlfield tag="005">20250404091927.0</controlfield>
  <controlfield tag="008">250404b        cb ||||| |||| 00| 0 eng d</controlfield>
  <datafield tag="020" ind1=" " ind2=" ">
    <subfield code="a">9780545683678</subfield>
  </datafield>
  <datafield tag="040" ind1=" " ind2=" ">
    <subfield code="a">FISKH</subfield>
    <subfield code="b">eng</subfield>
    <subfield code="c">FISKH</subfield>
    <subfield code="d">FISKH</subfield>
  </datafield>
  <datafield tag="050" ind1=" " ind2=" ">
    <subfield code="a">QC863.5 .C28</subfield>
  </datafield>
  <datafield tag="082" ind1=" " ind2=" ">
    <subfield code="a">551.6</subfield>
  </datafield>
  <datafield tag="100" ind1=" " ind2=" ">
    <subfield code="a">Callery, Sean </subfield>
  </datafield>
  <datafield tag="245" ind1=" " ind2=" ">
    <subfield code="a">The magic school bus presents wild weather: </subfield>
    <subfield code="b">A nonfiction companion to the original magic school bus series /</subfield>
  </datafield>
  <datafield tag="260" ind1=" " ind2=" ">
    <subfield code="a">New York : </subfield>
    <subfield code="b">Scholastic, </subfield>
    <subfield code="c">2014. </subfield>
  </datafield>
  <datafield tag="300" ind1=" " ind2=" ">
    <subfield code="a">32 pages : </subfield>
    <subfield code="b">color illustrations ; </subfield>
    <subfield code="c">22 x 26 cm </subfield>
  </datafield>
  <datafield tag="520" ind1=" " ind2=" ">
    <subfield code="a">Ms. Fizzle and her class head into the clouds to explore weather, including hurricanes, tornadoes, snowstorms, lightning, and weather forecasting.
</subfield>
  </datafield>
  <datafield tag="650" ind1=" " ind2=" ">
    <subfield code="a">Field Trip</subfield>
    <subfield code="v">Earth Science</subfield>
    <subfield code="x">Environment</subfield>
  </datafield>
  <datafield tag="942" ind1=" " ind2=" ">
    <subfield code="2">ddc</subfield>
    <subfield code="c">BK</subfield>
    <subfield code="n">0</subfield>
  </datafield>
  <datafield tag="999" ind1=" " ind2=" ">
    <subfield code="c">6243</subfield>
    <subfield code="d">6243</subfield>
  </datafield>
  <datafield tag="952" ind1=" " ind2=" ">
    <subfield code="0">0</subfield>
    <subfield code="1">0</subfield>
    <subfield code="2">ddc</subfield>
    <subfield code="4">0</subfield>
    <subfield code="7">0</subfield>
    <subfield code="8">NFIC</subfield>
    <subfield code="a">001</subfield>
    <subfield code="b">001</subfield>
    <subfield code="c">ATKSNF</subfield>
    <subfield code="d">2025-04-04</subfield>
    <subfield code="l">0</subfield>
    <subfield code="o">CAL 551.6QC863.5 .C28 </subfield>
    <subfield code="p">FISBK05117</subfield>
    <subfield code="r">2025-04-04 09:19:24</subfield>
    <subfield code="w">2025-04-04</subfield>
    <subfield code="y">BK</subfield>
  </datafield>
</record>
